Drapeaux de pays avec des aigles - Statistiques

Statistiques générales
  • Ce quiz a été pris 424 fois
  • Le résultat moyen est 6 sur 9
Statistiques - réponses
pays % Correct
Albanie
98%
Égypte
86%
Mexique
83%
Serbie
68%
Moldavie
63%
Monténégro
60%
Kazakhstan
49%
Zambie
41%
Zimbabwe
38%
Aucun quiz correspondant
Distribution des résultats
% des personnes avec chaque résultat
Percentile par nombre de réponses
Votre historique - résultats
Vous n’avez pas pris ce quiz